Despotism and democracy : a study in Washington society and politics.

Bibliographic Details
Main Author: Seawell, Molly Elliot, 1860-1916
Format: Book
Language:English
Published: New York : McClure, Phillips and Company, 1903.

MARC

Tag First Indicator Second Indicator Subfields
LEADER 00000cam a2200000Ia 4500
001 in00000034571
005 20151007061944.0
008 740131s1903 nyu 000 1 eng
010 |a  03013824  
035 |a (OCoLC)ocm00786602 
035 |9 AAD3579AM 
040 |a DLC  |e bdrb  |c KSU  |d SER  |d OSU  |d UtOrBLW 
049 |a TXAM 
050 0 0 |a PZ3.S442  |b De 
050 1 4 |a PS2797.S7  |b D4 1903 
100 1 |a Seawell, Molly Elliot,  |d 1860-1916. 
245 1 0 |a Despotism and democracy :  |b a study in Washington society and politics. 
264 1 |a New York :  |b McClure, Phillips and Company,  |c 1903. 
300 |a 2 unnumbered pages, vi, 311 pages, 1 unnumbered page (first 2 pages and last pages blank) ;  |c 20 cm. 
336 |a text  |b txt  |2 rdacontent 
337 |a unmediated  |b n  |2 rdamedia 
338 |a volume  |b nc  |2 rdacarrier 
500 |a A novel. 
500 |a Attributed to Molly Elliot Seawell. 
500 |a Verso of title page: Published, June, 1903, R. 
510 4 |a NUC pre-1956  |c v. 535, p. 592 
994 |a E0  |b TXA 
999 |a MARS 
999 f f |s eb4ea037-b516-3caf-80e9-3f708acbecd3  |i db599e0f-b8e7-3579-b79f-cf2eac708d14  |t 0 
952 f f |p ric  |a Texas A&M University  |b Rellis Campus  |c Joint Library Facility  |d Remote Storage  |t 0  |e PS2797.S7 D4 1903  |h Library of Congress classification  |i unmediated -- volume  |m A14801250061 
998 f f |a PS2797.S7 D4 1903  |t 0  |l Remote Storage